[Event "CCSCSL GM Inv"]
[Site "Saint Louis USA"]
[Date "2012.11.30"]
[Round "8.1"]
[White "Finegold,B"]
[Black "Esserman,M"]
[Result "1-0"]
[WhiteElo "2499"]
[BlackElo "2445"]

1.e4 c5 2.Nf3 d6 3.d4 cxd4 4.Qxd4 Nc6 5.Bb5 Bd7 6.Bxc6 Bxc6 7.Nc3 Nf6 8.Bg5 e6
9.O-O-O Be7 10.Bxf6 Bxf6 11.Qxd6 Qxd6 12.Rxd6 Bxc3 13.bxc3 Bxe4 14.Ne5 Rc8
15.Rd4 Bd5 16.c4 Bc6 17.Nxc6 Rxc6 18.Rhd1 O-O 19.Rd7 Rxc4 20.Rxb7 Rfc8 21.Rd2 a5
22.Kd1 g6 23.Rdd7 Rxc2 24.Rxf7 Rxa2 25.Rg7+ Kh8 26.Rxh7+ Kg8 27.Rhg7+ Kf8
28.Rbf7+ Ke8 29.Rh7 Rb8 30.Kc1 Rbb2 31.Ra7 Rc2+ 32.Kd1 Rd2+ 33.Ke1 Re2+ 34.Kf1  1-0

[Event "World Cities Team GpE"]
[Site "Al-Ain UAE"]
[Date "2012.12.22"]
[Round "1.4"]
[White "Kisuze,S"]
[Black "Finegold,B"]
[Result "0-1"]
[WhiteElo "2150"]
[BlackElo "2498"]

1.c4 b6 2.g3 Bb7 3.Nf3 Bxf3 4.exf3 c5 5.Bg2 Nc6 6.O-O g6 7.d3 Bg7 8.Nc3 Rc8
9.Be3 Nh6 10.Qd2 Nf5 11.Rad1 O-O 12.a3 e6 13.g4 Nfd4 14.Bh6 Ne5 15.Qe3 Nexf3+
16.Bxf3 Nxf3+ 17.Qxf3 Bxh6 18.Nb5 a6 19.Nc3 f5 20.Qh3 Qg5 21.f3 Bg7 22.Qg3 h5
23.gxh5 Qxh5 24.Kh1 f4 25.Qg2 Bd4 26.Ne4 Kg7 27.b3 d5 28.Nf2 b5 29.Ng4 bxc4
30.bxc4 Rb8 31.Rb1 dxc4 32.dxc4 Qf5 33.Qa2 e5 34.Rfe1 Qd3 35.Rf1 Rb2 36.Rbd1  0-1

[Event "World Cities Team GpE"]
[Site "Al-Ain UAE"]
[Date "2012.12.23"]
[Round "2.8"]
[White "Mahjoob,M"]
[Black "Finegold,B"]
[Result "1/2-1/2"]
[WhiteElo "2426"]
[BlackElo "2498"]

1.d4 d5 2.Nf3 Nf6 3.c4 c6 4.Qb3 dxc4 5.Qxc4 Bf5 6.g3 e6 7.Bg2 Nbd7 8.O-O Be7
9.e3 O-O 10.h3 Ne4 11.Qe2 Qb6 12.Nfd2 Nxd2 13.Nxd2 c5 14.dxc5 Nxc5 15.Nc4 Qa6
16.e4 Bg6 17.Bd2 Rac8 18.b3 Bf6 19.e5 Bd3 20.Qg4 Bf5 21.Qe2 Bd3 22.Qg4  1/2-1/2

[Event "World Cities Team GpE"]
[Site "Al-Ain UAE"]
[Date "2012.12.24"]
[Round "3.8"]
[White "Finegold,B"]
[Black "Hamdouchi,H"]
[Result "1/2-1/2"]
[WhiteElo "2498"]
[BlackElo "2610"]

1.e4 c5 2.Nf3 Nc6 3.Bb5 e6 4.O-O Nge7 5.Re1 a6 6.Bxc6 Nxc6 7.d4 cxd4 8.Nxd4 d6
9.Nc3 Bd7 10.Nxc6 Bxc6 11.Nd5 Be7 12.Nxe7 Qxe7 13.b3 Qf6 14.Ba3 O-O-O 15.Bxd6 e5
16.Qg4+ Bd7 17.Qd1 Bc6 18.Qg4+ Bd7 19.Qd1 Bc6 20.Qg4+  1/2-1/2

[Event "World Cities Team KO"]
[Site "Al-Ain UAE"]
[Date "2012.12.25"]
[Round "1.8"]
[White "Smeets,J"]
[Black "Finegold,B"]
[Result "1-0"]
[WhiteElo "2614"]
[BlackElo "2498"]

1.e4 c5 2.Nf3 Nc6 3.d4 cxd4 4.Nxd4 g6 5.c4 Bg7 6.Be3 Nf6 7.Nc3 Ng4 8.Qxg4 Nxd4
9.Qd1 Ne6 10.Rc1 Qa5 11.Be2 b6 12.Qd5 Rb8 13.Qxa5 bxa5 14.b3 Bd4 15.Bxd4 Nxd4
16.Nb5 Nc6 17.f3 a6 18.Nc3 e6 19.Kf2 Ke7 20.Rhd1 g5 21.Rd2 h5 22.h4 f6 23.c5 Rb4
24.Rcd1 Ne5 25.Na4 Bb7 26.Nb6 Bc6 27.Bxa6 Rg8 28.Be2 gxh4 29.Rd4 Rxd4 30.Rxd4 Ng6
31.a3 Nf4 32.Bf1 e5 33.Rd6 Rb8 34.Rd1 Ne6 35.b4 axb4 36.axb4 Nd4 37.Bc4 d6
38.Rh1 dxc5 39.bxc5 Ne6 40.Bxe6 Kxe6 41.Rxh4 Rd8 42.Rxh5 Rd2+ 43.Kg3 Rc2
44.Rh7 Rxc5 45.Nc8 Bxe4 46.Re7+ Kd5 47.fxe4+ Kxe4 48.Nd6+ Kd5 49.Nf5 Ke4
50.Kg4 Rc2 51.g3 Rc6 52.Rd7 Ra6 53.Rd6 Rxd6 54.Nxd6+ Kd5 55.Ne8 Ke6 56.Ng7+ Kd5
57.Kf5 e4 58.Ne6 e3 59.Nf4+  1-0

[Event "ch-USA 2013"]
[Site "Saint Louis USA"]
[Date "2013.05.06"]
[Round "4"]
[White "Finegold,B"]
[Black "Norowitz,Yaacov"]
[Result "0-1"]
[WhiteElo "2505"]
[BlackElo "2451"]

1.d4 d5 2.c4 e6 3.Nc3 Be7 4.cxd5 exd5 5.Bf4 c6 6.Qc2 g6 7.e3 Bf5 8.Qd2 Nf6
9.f3 Bd6 10.g4 Be6 11.Bd3 h5 12.Bxd6 Qxd6 13.g5 Nfd7 14.Nge2 Nb6 15.O-O-O N8d7
16.Kb1 O-O-O 17.h4 Kb8 18.Nf4 Rhe8 19.Qh2 a6 20.a3 Ka7 21.Qf2 Ka8 22.Rhe1 c5
23.Bc2 Rc8 24.dxc5 Qxc5 25.Nxe6 Rxe6 26.Bb3 Rd6 27.Rc1 Ne5 28.Qe2 Qa5 29.Red1 Nec4
30.Qe1 Rdc6 31.Ka2 Ka7 32.Rd3 Ne5 33.Rdd1 Nec4 34.Rd4 Rc5 35.Nb1 Qb5 36.Bxc4 Nxc4
37.b4 R5c7 38.Nc3 Qe8 39.Nxd5 Qa4 40.Rd3 Nxa3 41.Rxa3 Rxc1 42.Rxa4 Rxe1 43.b5 Rd8
44.b6+ Kb8 45.e4 Rh1 46.Kb2 Rxh4 47.f4 Rh1  0-1

[Event "ch-USA 2013"]
[Site "Saint Louis USA"]
[Date "2013.05.07"]
[Round "5"]
[White "Ivanov,AV USA"]
[Black "Finegold,B"]
[Result "1/2-1/2"]
[WhiteElo "2529"]
[BlackElo "2505"]

1.e4 c6 2.d4 d5 3.e5 Bf5 4.Nd2 e6 5.Nb3 Nd7 6.Nf3 Ne7 7.Be2 Bg6 8.h4 h5 9.O-O Nf5
10.g3 Be7 11.a4 c5 12.Bf4 Rc8 13.c3 cxd4 14.Nbxd4 Nxd4 15.Nxd4 Qb6 16.Nb5 a6
17.a5 Qd8 18.Nd6+ Bxd6 19.exd6 e5 20.Be3 Nf6 21.Qa4+ Qd7 22.Qxd7+ Kxd7 23.f4 Rhe8
24.Bd1 Bd3 25.Ba4+ Kxd6 26.Bxe8 Bxf1 27.fxe5+ Kxe5 28.Bxf7 Bc4 29.Bd4+ Kf5
30.Bxf6 Kxf6 31.Bxh5 Rc5 32.Bf3 Rb5 33.b4 d4 34.cxd4 Rxb4 35.Rc1 Be6 36.d5 Bg4
37.Bg2 Ra4 38.Rf1+ Ke7 39.Rb1 Rxa5 40.Rxb7+ Kf6 41.Rb6+ Kf7 42.Be4 Ra2 43.d6 Be6
44.Bc6 Rd2 45.Rb7+ Kf6 46.d7 g6 47.Ra7 Ke7 48.Be4 Rxd7 49.Rxa6 Rd4 50.Bc2 Bf5
51.Bxf5 gxf5 52.Kf2 Rd3 53.Kg2 Kf7 54.Rb6 Kg7 55.Re6 Ra3 56.Kf2 Rb3 57.Re3 Rb2+
58.Kf3 Kf6 59.Ra3 Rb6 60.Ra4 Rb3+ 61.Kf4 Rb6 62.Ra5 Rb4+ 63.Kf3 Rb3+ 64.Kg2 Rc3
65.Ra6+ Kg7 66.Rd6 Ra3 67.Rd4 Kg6 68.Kh3 Ra6 69.Rd8 Rb6 70.Rg8+ Kf7 71.Ra8 Kg6
72.Rd8 Ra6 73.Kg2 Ra2+ 74.Kf3 Ra3+ 75.Kf4 Ra4+ 76.Ke5 Re4+ 77.Kd5 Re3 78.Rg8+ Kf7
79.Rg5 Kf6 80.Kd4 Ra3 81.Rg8 Kf7 82.Rg5  1/2-1/2

[Event "ch-USA 2013"]
[Site "Saint Louis USA"]
[Date "2013.05.09"]
[Round "6"]
[White "Finegold,B"]
[Black "Khachiyan,M"]
[Result "1-0"]
[WhiteElo "2505"]
[BlackElo "2518"]

1.b3 d5 2.e3 Bf5 3.Bb2 e6 4.Ne2 Nf6 5.d3 c5 6.Nd2 Nc6 7.g3 Qc7 8.Bg2 O-O-O
9.O-O h5 10.h4 e5 11.Qe1 Be6 12.a3 Ng4 13.Nc3 g5 14.hxg5 h4 15.gxh4 e4 16.f4 exf3
17.Nxf3 d4 18.Nb5 Qb6 19.exd4 cxd4 20.a4 a6 21.Na3 Qc7 22.Nc4 Bxc4 23.bxc4 Ne3
24.Rf2 Qg3 25.Re2 Qg4 26.Rxe3 dxe3 27.Bxh8 Bc5 28.d4 Nxd4 29.Bxd4 Bxd4 30.Nxd4 Qxd4
31.c3 Qc5 32.Qe2 Rd2 33.Qg4+ Kd8 34.Re1 Qe5 35.Qf3 Rd3 36.Qf6+  1-0

[Event "ch-USA 2013"]
[Site "Saint Louis USA"]
[Date "2013.05.11"]
[Round "8"]
[White "Kaidanov,G"]
[Black "Finegold,B"]
[Result "1/2-1/2"]
[WhiteElo "2593"]
[BlackElo "2505"]

1.d4 d5 2.c4 dxc4 3.Nf3 a6 4.e3 Nf6 5.Bxc4 e6 6.O-O c5 7.a4 Nc6 8.Qe2 cxd4
9.Rd1 Be7 10.exd4 O-O 11.Nc3 Nb4 12.Ne5 Bd7 13.d5 exd5 14.Nxd5 Nbxd5 15.Bxd5 Nxd5
16.Rxd5 Bg4 17.Qc4 Qxd5 18.Qxd5 Rad8 19.Qd2 Rxd2 20.Bxd2 Be6 21.Rc1 Rd8 22.Be3 Bb3
23.f4 Rd1+ 24.Rxd1 Bxd1 25.a5 Bb4 26.Bb6 Bd2 27.g3 f6 28.Nd3 Be2 29.Nc5 Be3+
30.Kg2 Bb5 31.Kf3 Bc1 32.Nxb7 Bc6+ 33.Ke2 Bxb7 34.Bd4 Kf7 35.Kd1 Bxf4 36.gxf4 Kg6
37.Ke2 Kf5 38.Be3 Kg4 39.Kf2 Bd5 40.Bd2 h6  1/2-1/2

[Event "ch-USA 2013"]
[Site "Saint Louis USA"]
[Date "2013.05.12"]
[Round "9"]
[White "Finegold,B"]
[Black "Shabalov,A"]
[Result "0-1"]
[WhiteElo "2505"]
[BlackElo "2544"]

1.e4 g6 2.d4 Bg7 3.Nf3 d6 4.c3 Nd7 5.Bd3 e5 6.O-O Ne7 7.dxe5 dxe5 8.Bg5 h6
9.Be3 O-O 10.Na3 Nc6 11.Bb5 Qe7 12.Bxc6 bxc6 13.Nd2 f5 14.f3 Nc5 15.Nb3 Ne6
16.Qd2 Ba6 17.c4 fxe4 18.fxe4 Qh4 19.Qd7 Nf4 20.Rf2 Rad8 21.Qxc6 Bc8 22.Raf1 Ne2+  0-1

[Event "National Open 2013"]
[Site "Las Vegas USA"]
[Date "2013.06.07"]
[Round "1"]
[White "Finegold,B"]
[Black "Serpik,I"]
[Result "1/2-1/2"]
[WhiteElo "2507"]
[BlackElo "2197"]

1.d4 Nf6 2.c4 e5 3.dxe5 Ng4 4.Bf4 Bb4+ 5.Nc3 Nc6 6.Nf3 Qe7 7.Qb3 a5 8.a3 a4
9.Qc2 Ba5 10.e3 Ngxe5 11.Nxe5 Nxe5 12.O-O-O Bxc3 13.Qxc3 d6 14.Rd5 f6 15.Ra5 Rxa5
16.Qxa5 Qd7 17.Bxe5 fxe5 18.Bd3 O-O 19.f3 b6 20.Qa8 Qe8 21.Kd2 Kh8 22.h4 Bd7
23.Qxe8 Rxe8 24.Be4 Rb8 25.Kc3 g6 26.h5 Kg7 27.h6+ Kf6 28.g3 Re8 29.Rh2 Re7
30.Kd3 Re8 31.f4 exf4 32.gxf4 b5 33.cxb5 Bxb5+ 34.Kd4 c5+ 35.Kd5 Bc4+ 36.Kxc4 Rxe4+
37.Kd3 d5 38.Rg2 c4+ 39.Kd2 d4 40.exd4 Rxd4+ 41.Ke3 Rd3+ 42.Ke4 Rh3 43.Rc2 Rxh6
44.Rxc4 Rh2 45.Rxa4 Rxb2 46.Ra6+ Kg7 47.Ra7+ Kh6 48.Kf3 Rb1 49.a4 Rf1+ 50.Ke3 Re1+
51.Kf3 Rf1+ 52.Ke3 Re1+ 53.Kf2 Re4 54.Kf3 Re1 55.a5 Rf1+ 56.Ke3 Ra1 57.a6 Ra4
58.Kf3 g5 59.fxg5+ Kxg5 60.Rg7+ Kh6 61.Ra7 Kg6 62.Ra8 Kg7 63.Ra7+ Kg6 64.Ra8 Kg7
65.Ra7+ Kg6 66.Ra8  1/2-1/2

[Event "National Open 2013"]
[Site "Las Vegas USA"]
[Date "2013.06.07"]
[Round "2"]
[White "Wallach,K"]
[Black "Finegold,B"]
[Result "0-1"]
[WhiteElo "2151"]
[BlackElo "2507"]

1.e4 c5 2.Nc3 a6 3.a4 e6 4.f4 d5 5.Nf3 dxe4 6.Nxe4 Nc6 7.d3 Nf6 8.g3 Be7
9.Bg2 O-O 10.O-O Qc7 11.Kh1 b6 12.Ne5 Bb7 13.Nxc6 Bxc6 14.Nxf6+ Bxf6 15.Bxc6 Qxc6+
16.Qf3 Qd7 17.Ra2 Rac8 18.b3 b5 19.axb5 axb5 20.Bb2 Bxb2 21.Rxb2 g6 22.Ra1 Qd4
23.Rba2 c4 24.bxc4 bxc4 25.Kg2 cxd3 26.Qxd3 Qf6 27.c4 Rfd8 28.Qc2 Qd4 29.Rc1 Qc5
30.Qc3 Rd4 31.Rac2 Rcd8 32.Qe3 Qc6+ 33.Kh3 Rd3 34.Qf2 h5 35.Rb1 h4 36.Qg2 Qd6
37.Qe4 hxg3 38.hxg3 Qa3 39.Rg1 Qc5 40.Re1 Qh5+ 41.Kg2 Rd2+ 42.Re2 Rd1 43.Kf2 Rh1
44.c5 Qh3 45.Kf3 Rdd1 46.Qa8+ Kg7 47.Qa3 Rhf1+ 48.Rf2 Qh5+ 49.Ke3 Rde1+ 50.Kd4 Qd5+
51.Kc3 Rxf2 52.Rxf2 Re3+  0-1

[Event "National Open 2013"]
[Site "Las Vegas USA"]
[Date "2013.06.08"]
[Round "4"]
[White "Chen,Shijie"]
[Black "Finegold,B"]
[Result "0-1"]
[WhiteElo "2194"]
[BlackElo "2507"]

1.g3 d5 2.Bg2 Nf6 3.Nf3 c6 4.O-O Bf5 5.d4 e6 6.b3 Nbd7 7.c4 Bd6 8.Ba3 Bxa3
9.Nxa3 O-O 10.Nc2 Qe7 11.e3 Rfd8 12.c5 b6 13.Rc1 bxc5 14.dxc5 e5 15.Nb4 Nb8
16.Nh4 Bg4 17.f3 Bc8 18.f4 e4 19.Qd4 a5 20.Nc2 Na6 21.Ne1 Nd7 22.f5 f6 23.Rf2 Ne5
24.Bf1 Nc7 25.h3 g5 26.fxg6 hxg6 27.g4 Ne6 28.Qb2 Ng5 29.Rf4 Kg7 30.Rc2 Rh8
31.Rcf2 Rxh4 32.Rxf6 Bd7 33.Rd6 Kh7 34.Rff6 Rh8 35.Qf2 Kg7 36.Qf4 Ngf7  0-1

[Event "National Open 2013"]
[Site "Las Vegas USA"]
[Date "2013.06.09"]
[Round "6"]
[White "Finegold,B"]
[Black "Morshedi,A"]
[Result "1-0"]
[WhiteElo "2507"]
[BlackElo "2227"]

1.e4 e5 2.Nf3 Nc6 3.Bb5 a6 4.Ba4 Nf6 5.O-O Be7 6.Re1 b5 7.Bb3 O-O 8.d3 d6
9.a4 b4 10.Nbd2 Na5 11.Ba2 c5 12.Nc4 Nxc4 13.Bxc4 Be6 14.Bxe6 fxe6 15.c3 Rb8
16.d4 bxc3 17.bxc3 exd4 18.cxd4 Nd7 19.Qe2 Qb6 20.dxc5 Nxc5 21.Be3 Qc6 22.Bxc5 dxc5
23.Ne5 Qc7 24.Nc4 Rb4 25.a5 Qf4 26.Rad1 g6 27.Rf1 Qc7 28.g3 Qc6 29.h4 Qb5
30.Rc1 Bd8 31.Rfd1 Bxa5 32.Qg4 Rf6 33.Qg5 Kg7 34.Nxa5 Rb2 35.Qe5 Rxf2 36.Rb1 Qxa5
37.Rd7+  1-0

[Event "SPICE Cup Open 2013"]
[Site "St Louis USA"]
[Date "2013.10.15"]
[Round "1.13"]
[White "Hendrickson,Nolan R"]
[Black "Finegold,B"]
[Result "0-1"]
[WhiteElo "2178"]
[BlackElo "2482"]

1.e4 e5 2.Nf3 Nc6 3.Bc4 g6 4.d4 exd4 5.O-O Bg7 6.c3 d6 7.cxd4 Nf6 8.Nc3 O-O
9.h3 Na5 10.Bd3 c5 11.dxc5 dxc5 12.Qe2 Re8 13.Rd1 Bd7 14.Be3 Qc8 15.e5 Nh5
16.Ne4 Bxe5 17.Nxe5 Rxe5 18.g4 Bc6 19.Bd2 Bxe4 20.Bxa5 Qe6 21.Bc3 Nf4 22.Qe3 Nd5
23.Qxc5 Nxc3 24.Qxc3 Rc8 25.Qd4 Bf3 26.Rdc1 Bc6 27.Bf1 Re4 28.Qd3 Rb4 29.b3 Qf6
30.Bg2 Rd8 31.Qc3 Rd1+ 32.Kh2 Qxc3  0-1

[Event "SPICE Cup Open 2013"]
[Site "St Louis USA"]
[Date "2013.10.16"]
[Round "2.8"]
[White "Finegold,B"]
[Black "Xiong,Jeffrey"]
[Result "1/2-1/2"]
[WhiteElo "2482"]
[BlackElo "2345"]

1.e4 c5 2.Nf3 d6 3.d4 Nf6 4.Nc3 cxd4 5.Qxd4 Nc6 6.Bb5 Nd7 7.Qc4 Nb6 8.Bxc6+ bxc6
9.Qxc6+ Bd7 10.Qb7 Bc8  1/2-1/2

[Event "US Chess League 2013"]
[Site "chess.com INT"]
[Date "2013.10.17"]
[Round "8"]
[White "Finegold,B"]
[Black "Gonzalez,Ren"]
[Result "1/2-1/2"]
[WhiteElo "2490"]
[BlackElo "2472"]

1.b3 e5 2.Bb2 d6 3.e3 Nd7 4.d4 exd4 5.Qxd4 Ngf6 6.Nf3 g6 7.Be2 Bg7 8.c4 O-O
9.Nc3 Re8 10.Qd1 Ne4 11.Qc2 Nxc3 12.Bxc3 Bxc3+ 13.Qxc3 Qf6 14.Qxf6 Nxf6 15.Rc1 Bg4
16.Nd4 Bxe2 17.Kxe2 c6 18.Rhd1 a5 19.Nf3 Red8 20.Rd4 Kf8 21.Rcd1 Ke7 22.Nd2 h5
23.Ne4 Nxe4 24.Rxe4+ Kf6 25.Rf4+ Ke6 26.Re4+ Kf6 27.Red4 Ke7 28.h3 Rab8 29.Re4+ Kf6
30.g4 hxg4 31.hxg4 Rd7 32.Rf4+ Ke7 33.c5 Rbd8 34.Re4+ Kf8 35.Ra4 dxc5 36.Rxd7 Rxd7
37.Rxa5 b5 38.Ra6 Rc7 39.Kd3 Ke7 40.a4 Kd7 41.Kc3 bxa4 42.Rxa4 Rb7 43.Rf4 Ke6
44.g5 Ke7 45.Rf6 Rb6 46.e4 Ke8 47.e5 Ke7 48.f3 Ra6 49.f4 Rb6 50.Kc4 Rb4+
51.Kxc5 Rxb3 52.Kxc6 Rb4 53.Kd5 Rb5+ 54.Kc4 Ra5 55.Kb4 Rd5 56.Kc4 Ra5 57.Kd4 Ra4+
58.Ke3 Ra3+ 59.Ke4 Ra4+ 60.Kf3 Ra3+ 61.Kg4 Re3 62.Kh4 Re4 63.Kg3 Re3+ 64.Kf2 Re4
65.Kf3 Re1 66.Ra6 Rf1+ 67.Kg3 Re1 68.Kf2 Re4 69.Rf6 Ra4 70.Kf3 Ra3+ 71.Kg4 Re3
72.Rb6 Ra3 73.Rb7+ Ke6 74.Rc7 Rb3 75.Ra7 Rc3 76.Ra6+ Ke7 77.Rf6 Re3  1/2-1/2

[Event "SPICE Cup Open 2013"]
[Site "St Louis USA"]
[Date "2013.10.17"]
[Round "4.9"]
[White "Finegold,B"]
[Black "Sevian,Samuel"]
[Result "1-0"]
[WhiteElo "2482"]
[BlackElo "2393"]

1.d4 d5 2.Nf3 Nf6 3.c4 c6 4.cxd5 cxd5 5.Nc3 Nc6 6.e3 a6 7.Ne5 e6 8.f4 Bb4
9.Bd3 Ne4 10.Bxe4 dxe4 11.O-O Bxc3 12.Nxc6 bxc6 13.bxc3 Qa5 14.Qc2 f5 15.a4 Qc7
16.a5 Kf7 17.Ba3 Qxa5 18.Bd6 Qd5 19.Be5 a5 20.c4 Qd7 21.Qc3 a4 22.Rfb1 Qa7
23.Ra3 Rd8 24.c5 Rd7 25.h3 Rb7 26.Rba1 Qa5 27.Qxa5 Rxa5 28.Rxa4 Rxa4 29.Rxa4 Ke8
30.Ra3 g6 31.Kh2 Kd7 32.Kg3 Ke8 33.Kh4 h6 34.Bf6 Kf7 35.Be5 Bd7 36.Kg3 Be8
37.Ra2 Bd7 38.Kf2 Be8 39.Ke2 Bd7 40.Kd2 Be8 41.Kc2 Bd7 42.Ra8 Be8 43.Bg7 h5
44.Bh6 Rc7 45.Bg5 Rb7 46.Bh4 Kf8 47.Bd8 Rd7 48.Kd2 Kf7 49.Ke2 Rb7 50.Bb6 Kf8
51.Kf2 Rg7 52.Bd8 Rb7 53.Bb6 Rg7 54.h4 Rb7 55.Ke2 Kf7 56.Kd2 Rd7 57.Kc3 Rb7
58.g3 Ke7 59.Kb4 Rd7 60.Rc8 Rd5 61.Bc7 Kd7 62.Ra8 Kxc7 63.Rxe8 Kd7 64.Rg8 Ke7
65.Rg7+ Kd8 66.Ka5 Ke8 67.Kb6 Kf8 68.Rh7 Kg8 69.Re7 Kf8 70.Rxe6 Kf7 71.Rd6 Ke7
72.Rxd5 cxd5 73.c6 g5 74.c7 g4 75.c8=Q Kf6 76.Kc6  1-0

[Event "SPICE Cup Open 2013"]
[Site "St Louis USA"]
[Date "2013.10.18"]
[Round "7.5"]
[White "Finegold,B"]
[Black "Shabalov,A"]
[Result "1/2-1/2"]
[WhiteElo "2482"]
[BlackElo "2520"]

1.Nf3 c5 2.c3 Nf6 3.d4 g6 4.dxc5 Bg7 5.Nbd2 Qc7 6.Nb3 O-O 7.Bg5 Na6 8.Bxf6 Bxf6
9.Qd5 Rb8 10.e3 b6 11.cxb6 Rxb6 12.Qd2 Nc5 13.Nxc5 Qxc5 14.Rc1 Bb7 15.Be2 a5
16.O-O a4 17.b4 axb3 18.axb3 Rxb3 19.Qxd7 Rb2 20.Qd3 e5 21.Rb1  1/2-1/2

[Event "CCSCSL Inv GM 2014"]
[Site "Saint Louis USA"]
[Date "2014.05.28"]
[Round "1.3"]
[White "Bartholomew,J"]
[Black "Finegold,B"]
[Result "0-1"]
[WhiteElo "2461"]
[BlackElo "2503"]

1.Nf3 d5 2.c4 c6 3.e3 Nf6 4.Nc3 g6 5.d4 Bg7 6.h3 O-O 7.Bd3 c5 8.O-O cxd4
9.exd4 dxc4 10.Bxc4 Nc6 11.Re1 Na5 12.Bd3 b6 13.Bf4 Bb7 14.Be5 Nc6 15.Qe2 Nxe5
16.dxe5 Bxf3 17.Qxf3 Nd7 18.Bb5 Nxe5 19.Qg3 a6 20.Rxe5 Bxe5 21.Qxe5 axb5
22.Rd1 Qe8 23.Nd5 f6 24.Qe3 Ra7 25.Qxb6 Rxa2 26.Re1 Qf7 27.Nxe7+ Kg7 28.Qxb5 Rfa8
29.Re3 R2a5 30.Qc6 R8a7 31.Qd6 Rb5 32.Nc6 Rd7 33.Qf4 Qd5 34.Ne7 Qd1+ 35.Kh2 Qd6
36.Qxd6 Rxd6 37.Rc3 Rd7 38.Nc6 Rxb2 39.Rf3 Rd5 40.g3 Rb6 41.Rc3 Kf7 42.Kg2 Ke6
43.Rc4 Rd2 44.Nb4 Rb5 45.g4 Kd6 46.Nc2 Rb2 47.Rd4+ Rxd4 48.Nxd4 Kd5 49.Nf3 Ke4
50.Ng1 f5 51.gxf5 gxf5 52.Nf3 h6 53.Ng1 Rb8 54.Ne2 Rg8+ 55.Ng3+ Kf4 56.Kh2 Rg6
57.Ne2+ Kf3 58.Nd4+ Ke4 59.Nc2 f4 60.Ne1 f3 61.h4 h5 62.Kh3 Rc6 63.Kg3 Rc3  0-1

[Event "CCSCSL Inv GM 2014"]
[Site "Saint Louis USA"]
[Date "2014.05.28"]
[Round "2.3"]
[White "Finegold,B"]
[Black "Priyadharshan,K"]
[Result "0-1"]
[WhiteElo "2503"]
[BlackElo "2420"]

1.d4 d5 2.Bg5 f6 3.Bh4 Nh6 4.f3 c5 5.e3 Nc6 6.c3 e5 7.dxe5 Nxe5 8.Nd2 Qb6
9.Qb3 Be6 10.Bf2 Be7 11.Nh3 g5 12.Bb5+ Kf7 13.Be2 Qxb3 14.axb3 Nc6 15.g4 Rhd8
16.Rg1 Kg7 17.Bg3 d4 18.exd4 cxd4 19.Bb5 Nf7 20.Bxc6 bxc6 21.Ra6 h5 22.Rxc6 Bd7
23.Rc4 hxg4 24.fxg4 Bxg4 25.Nf2 dxc3 26.bxc3 Bh5 27.h4 Re8 28.Kf1 Rad8 29.Rd4 Rxd4
30.cxd4 Bb4 31.Bf4 Kh6 32.hxg5+ fxg5 33.Rxg5 Nxg5 34.Nde4 Be7 35.Nh3 Rf8  0-1

[Event "CCSCSL Inv GM 2014"]
[Site "Saint Louis USA"]
[Date "2014.05.29"]
[Round "3.4"]
[White "Sevian,Samuel"]
[Black "Finegold,B"]
[Result "1/2-1/2"]
[WhiteElo "2446"]
[BlackElo "2503"]

1.e4 e5 2.Nf3 d6 3.d4 exd4 4.Nxd4 Nf6 5.Nc3 Be7 6.Be2 O-O 7.O-O Re8 8.Re1 Bf8
9.Bf1 Nbd7 10.Bg5 c6 11.Qd2 h6 12.Bh4 Ne5 13.f3 Ng6 14.Bf2 Bd7 15.a4 Qc7
16.Nb3 d5 17.Bg3 Qb6+ 18.Bf2 Qc7 19.Bg3 Qb6+ 20.Bf2  1/2-1/2

[Event "CCSCSL Inv GM 2014"]
[Site "Saint Louis USA"]
[Date "2014.05.29"]
[Round "4.2"]
[White "Finegold,B"]
[Black "Chandra,Akshat"]
[Result "1/2-1/2"]
[WhiteElo "2503"]
[BlackElo "2440"]

1.d4 Nf6 2.Nf3 e6 3.e3 c5 4.Bd3 Be7 5.O-O cxd4 6.exd4 O-O 7.c4 d5 8.cxd5 Nxd5
9.Nc3 Nc6 10.Re1 Nxc3 11.bxc3 b6 12.h4 Bb7 13.Ng5 Bxg5 14.hxg5 g6 15.Bf4 Rc8
16.Bf1 Na5 17.Re3 Bd5 18.Qg4 f5 19.gxf6 Qxf6 20.Bg3 Nc4 21.Re2 Qf5 22.Qh4 Qf6
23.Qg4 Qf5 24.Qh4 Qf6 25.Qh3 Rc6 26.Rae1 Qf5 27.Qh4 Qf6 28.Qh3 Rfc8 29.Qh6 Qf8
30.Qh3 Qf5 31.Qh6 b5 32.Qh4 Rf8 33.Qe7 Qf7 34.Qh4 Qf6 35.Qg4 a6 36.Qh3 Qf5
37.Qh4 Qf6 38.Qh3 Rfc8 39.Qg4 Qf5 40.Qh4 Rf8 41.Qh6 Qg4 42.Qc1 Rfc8 43.Qh6 Qf5
44.Qh4 Rf8 45.Qh6 Qf6 46.Qh3 Qf7 47.Qg4 Nb6 48.Re3 Na4 49.Bd3 Rxc3 50.Qe2 Rc6
51.Be5 Nb6 52.Rh3 Bc4 53.Rf3 Qe7 54.Rg3 Qf7 55.Rf3 Qe8 56.Rg3 Bxd3 57.Qxd3 Nd5
58.Rg4 Qf7 59.Qg3 Rc2 60.f3 Rxa2 61.Bd6 Re8 62.Rge4 b4 63.Qe5 Rc8 64.Bc5 b3
65.Rb1 b2 66.Re2 Nf4 67.Rd2 Re8 68.Qe4 Nd5 69.Rdxb2 Rxb2 70.Rxb2 a5 71.Qb1 Qf4
72.Rb7 Qe3+ 73.Kh2 Qf4+ 74.Kg1 Qe3+ 75.Kh2 Qf4+  1/2-1/2

[Event "CCSCSL Inv GM 2014"]
[Site "Saint Louis USA"]
[Date "2014.05.30"]
[Round "5.5"]
[White "Troff,Kayden W"]
[Black "Finegold,B"]
[Result "1-0"]
[WhiteElo "2484"]
[BlackElo "2503"]

1.d4 d5 2.c4 c6 3.Nf3 Nf6 4.e3 g6 5.Nc3 Bg7 6.Be2 O-O 7.O-O a6 8.Qb3 e6 9.Bd2 Nbd7
10.Rac1 dxc4 11.Qxc4 Rb8 12.a4 b5 13.Qxc6 Rb6 14.Qa8 Qe7 15.Qa7 Qd6 16.axb5 Bb7
17.Na4 Ra8 18.Qxa8+ Bxa8 19.Rc8+ Bf8 20.Rxa8 Rb8 21.Rxa6 Qd5 22.Rc1 g5 23.Ba5 Ne8
24.Bd3 Qb3 25.Bc4 Rc8 26.Bxb3  1-0

[Event "CCSCSL Inv GM 2014"]
[Site "Saint Louis USA"]
[Date "2014.05.31"]
[Round "8.2"]
[White "Gorovets,A"]
[Black "Finegold,B"]
[Result "1/2-1/2"]
[WhiteElo "2446"]
[BlackElo "2503"]

1.Nf3 Nf6 2.g3 d5 3.Bg2 c6 4.O-O Bg4 5.c4 Bxf3 6.Bxf3 e6 7.b3 Nbd7 8.d4 Be7
9.Nc3 O-O 10.e3 a6 11.a4 a5 12.Bb2 Qb6 13.Rb1 Rad8 14.Ne2 Rfe8 15.Nf4 Qa7
16.Nd3 Ne4 17.Qc2 Bf8 18.Rbd1 Rc8 19.Rb1 Nd6 20.Rfc1 Rcd8 21.Bg2 Ra8 22.Qd1 Qa6
23.Bf1 Qa7 24.Ne1 Nb8 25.Nf3 Nd7 26.Bd3 g6 27.h4 h5 28.Ne5 Nf6 29.Qf3 Bg7
30.Ba3 Qb8 31.Qf4 Nf5 32.cxd5 Nxd5 33.Qe4 Qd8 34.Rc2 Bf8 35.Bxf8 Rxf8 36.Bf1 Qe7
37.Qf3 Nb4 38.Rcc1 Kg7 39.Nc4 Qd8 40.Qf4 Qb8 41.Qf3 Qd8 42.Rb2 Nd6 43.Ne5 Nf5
44.Rd2 Qe7 45.Qe2 Rfd8 46.Bg2 Kg8 47.Kf1 Kg7 48.Ke1 Kg8 49.Qc4 Kg7 50.Qc5 f6
51.Qxe7+ Nxe7 52.Nd3 Nxd3+ 53.Rxd3 Nd5 54.Rc5 Nb4 55.Rd1 Kf7 56.Ke2 Ke7 57.Be4 Kf7
58.Rdc1 Rd6 59.Kf3 f5 60.Bb1 Rd5 61.Rxd5 exd5 62.Kf4 Kf6 63.f3 Na6 64.e4 fxe4
65.fxe4 dxe4 66.Bxe4 Rd8 67.Ke3 Rd6 68.Rg1 Nc7 69.g4 hxg4 70.Rxg4 Nd5+ 71.Kd3 Ne7
72.Kc3 b6 73.Rf4+ Kg7 74.Rg4 Kf6 75.Rg5 Re6 76.Kd3 Rd6 77.Ke3 Rd8 78.Rg4 Nf5+
79.Bxf5 gxf5 80.Rf4 Re8+ 81.Kf2 Re6 82.h5 Kg5 83.Rf3 f4 84.Rh3 Kg4 85.Rh1 Rh6
86.Rg1+ Kf5 87.Rh1 Kg4 88.Rg1+ Kxh5 89.Kf3 Rg6 90.Rxg6 Kxg6 91.Kxf4 Kf6 92.Ke4 Ke6
93.Kf4 Kd5 94.Ke3 Kd6 95.Kd3 Kd5 96.Ke3 Kd6  1/2-1/2

[Event "National Open 2014"]
[Site "Las Vegas USA"]
[Date "2014.06.13"]
[Round "1"]
[White "Finegold,B"]
[Black "Gross,RJ"]
[Result "1-0"]
[WhiteElo "2503"]
[BlackElo "2130"]

1.d4 d5 2.c4 e6 3.Nc3 Nf6 4.Bg5 c5 5.cxd5 cxd4 6.Qa4+ Nbd7 7.Bxf6 gxf6 8.Qxd4 Bc5
9.Qd2 O-O 10.Nf3 Ne5 11.e3 exd5 12.Nxe5 fxe5 13.Qxd5 Qxd5 14.Nxd5 Be6 15.Bc4 Rfd8
16.O-O-O Bxd5 17.Bxd5 Rab8 18.Rd3 b6 19.Rhd1 Be7 20.Kb1 Rbc8 21.a3 a5 22.e4 Rf8
23.Rh3 Bc5 24.Rdd3 Rcd8 25.Rh5 Rd6 26.Rf3 Rg6 27.g3 Bd4 28.Rhf5 Rg7 29.h4 h6
30.Rf6 Bc5 31.Rxh6 Rd8 32.Rf5 Rd7 33.Rxe5  1-0

[Event "National Open 2014"]
[Site "Las Vegas USA"]
[Date "2014.06.13"]
[Round "2"]
[White "Sheng,Joshua"]
[Black "Finegold,B"]
[Result "1/2-1/2"]
[WhiteElo "2050"]
[BlackElo "2503"]

1.e4 c5 2.Nf3 Nc6 3.Bb5 e6 4.Bxc6 bxc6 5.d3 d5 6.c4 Nf6 7.Nbd2 Be7 8.Qe2 O-O
9.O-O a5 10.Re1 a4 11.e5 Ne8 12.Nf1 f5 13.exf6 gxf6 14.Ng3 Ng7 15.Bh6 Rf7
16.d4 a3 17.b3 Qb6 18.Bxg7 Rxg7 19.Nh5 Rf7 20.cxd5 cxd5  1/2-1/2

[Event "National Open 2014"]
[Site "Las Vegas USA"]
[Date "2014.06.14"]
[Round "3.6"]
[White "Finegold,B"]
[Black "Davidson,Kevin"]
[Result "1-0"]
[WhiteElo "2503"]
[BlackElo "2258"]

1.b3 Nf6 2.Bb2 g6 3.g3 Bg7 4.Bg2 c5 5.c4 Nc6 6.Nf3 d6 7.O-O O-O 8.d4 Bg4
9.dxc5 dxc5 10.h3 Bf5 11.g4 Bxb1 12.Rxb1 Qc7 13.e3 Rad8 14.Qe2 Rd7 15.Rfd1 Rfd8
16.Rxd7 Qxd7 17.Ne5 Nxe5 18.Bxe5 b6 19.Bf3 Ne8 20.Bg3 e6 21.Kg2 Bf8 22.Qb2 Bd6
23.Bh4 Be7 24.Rd1 Qc7 25.Bg3 Qc8 26.Rxd8 Qxd8 27.Bc6 Qc8 28.Bxe8 Qxe8 29.Qe5 Qa8+
30.Kg1 Qd8 31.Qe4 Qc8 32.Be5 f6 33.Bc3 Kf7 34.Qf3 Qd8 35.g5 f5 36.Qb7 Ke8
37.Qxa7 Qd3 38.Be5 Qb1+ 39.Kh2 Qe4 40.Qb8+ Kf7 41.Qh8 Qh4 42.Bg3 Qxg5 43.Qxh7+ Ke8
44.Qh8+ Kf7 45.Qh7+ Kf8 46.Qh8+ Kf7 47.Qb8 Qh5 48.Qxb6 g5 49.Kg2 Qe2 50.Qb7 Qd2
51.a4 Ke8 52.Bc7 Bf6 53.Qc6+ Kf7 54.Qd6 Qc2 55.Qd7+ Kg6 56.Qxe6  1-0

[Event "National Open 2014"]
[Site "Las Vegas USA"]
[Date "2014.06.14"]
[Round "4.6"]
[White "Kavutskiy,K"]
[Black "Finegold,B"]
[Result "1/2-1/2"]
[WhiteElo "2292"]
[BlackElo "2503"]

1.d4 Nf6 2.c4 c5 3.d5 e5 4.Nc3 d6 5.e4 Be7 6.Nf3 Nbd7 7.h3 Nf8 8.a3 Ng6 9.b4 b6
10.Bd3 O-O 11.Ne2 h6 12.Ng3 Nf4 13.Bxf4 exf4 14.Ne2 Re8 15.O-O Bf8 16.Nc3 g5
17.Bc2 Bg7 18.Rb1 Nd7 19.Qd3 Ba6 20.Rfe1 cxb4 21.axb4 Bxc4 22.Qxc4 Rc8 23.Qa6 Rxc3
24.Ba4 Re7 25.Rec1 Nb8 26.Qe2 Qc8 27.Bc6 Rxc1+ 28.Rxc1 Rc7 29.Kh2 Nxc6 30.Qc2 Bb2
31.Qxb2 Ne5 32.Rxc7 Qxc7 33.Nxe5 dxe5 34.b5 Kf8 35.Qa3+ Ke8 36.f3 h5 37.Qa1 f6
38.d6 Qxd6 39.Qxa7 Qe6 40.Qb8+ Kf7 41.Qb7+ Kg6 42.Qc6 Kf7 43.Qb7+ Kg6 44.Qc6 Qa2
45.Qc8 Qf7 46.Qf5+ Kg7 47.Qc8 Kg6 48.Qf5+ Kh6 49.Kh1 Kg7 50.Qc8 Qa7 51.Qe6 Qc7
52.Qc6 Qd8 53.Qe6 Qc7 54.Qc6 Qd8  1/2-1/2